| 000 | 01331nam a22003257a 4500 | ||
|---|---|---|---|
| 003 | EG-ScBUE | ||
| 005 | 20211010120922.0 | ||
| 008 | 211010s2008 ua f b 000 p ara d | ||
| 017 | _a2008/1859 | ||
| 020 | _a9774375882 | ||
| 040 |
_aEG-ScBUE _bara _erda _cEG-ScBUE _dEG-ScBUE |
||
| 082 | 0 | 4 |
_a892.7134 _bم هـ ي _222 |
| 100 | 0 |
_aمهيار الديلمي، _dت. 428 هـ.، _eمؤلف. |
|
| 245 | 1 | 0 |
_aديوان مهيار الديلمي / _cقدم هذه الطبعة د. أبو همام عبد اللطيف عبد الحليم. |
| 250 | _aالطبعة الأولى. | ||
| 264 | 1 |
_aالقاهرة : _bالهيئة العامة لقصور الثقافة، _c2008. |
|
| 300 |
_a3 مجلدات ؛ _c24 سم. |
||
| 336 |
_2rdacontent _aنص _btxt |
||
| 337 |
_2rdamedia _aبدون وسيط _bn |
||
| 338 |
_2rdacarrier _aمجلد _bnc |
||
| 490 | 0 |
_aالذخائر ؛ _v165، _v167 |
|
| 504 | _aيشتمل على إرجاعات ببليوجرافية. | ||
| 505 | 0 | _aالجزء الأول -- الجزء الثالث -- الجزء الرابع | |
| 541 | _cDonation. | ||
| 650 | 7 |
_aالشعر العربي _xدواوين وقصائد. _2BUEsh |
|
| 653 |
_bARALIT _cOctober2021 |
||
| 655 |
_vReading book _934232 |
||
| 700 | 1 |
_aعبد الحليم، أبو همام عبد اللطيف، _eمقدم. |
|
| 942 | _2ddc | ||
| 999 |
_c29563 _d29534 |
||